Logo BPK

Biblioteka

Politechniki Koszalińskiej

Leksykon problemów międzynarodowych i konfliktów zbrojnych / (Rekord nr 38693)

Szczegóły MARC
000 -ETYKIETA REKORDU
podpole kontrolne o stałej długości 00639nam a2200229 i 4500
001 - NUMER KONTROLNY REKORDU
pole kontrolne bg
020 ## - MIĘDZYNARODOWY ZNORMALIZOWANY NUMER KSIĄŻKI - ISBN
ISBN 8386882719
040 ## - ŹRÓDŁO KATALOGOWANIA
Instytucja, która utworzyła rekord BPK
041 0# - KOD JĘZYKA
Kod języka tekstu pl
080 ## - UNIWERSALNA KLASYFIKACJA DZIESIĘTNA - UKD
UKD 327.5"1945/..."(03)
920 ## - Międzynarodowy znormalizowany numer książki – ISBN
ISBN 83-86882-71-9
008 - POLE O STAŁEJ DŁUGOŚCI - DANE KONTROLNE
podpole kontrolne o stałej długości s pl f |000 0 pol
100 1# - NAZWA OSOBOWA
Nazwa osobowa MOJSIEWICZ, Czesław
245 10 - TYTUŁ/ODPOWIEDZIALNOŚĆ
Tytuł Leksykon problemów międzynarodowych i konfliktów zbrojnych /
Pozostałe elementy strefy tytułu i oznaczenia odpowiedzialności Czesław Mojsiewicz.
250 ## - STREFA WYDANIA
Oznaczenie wydania Wyd. 2.
260 ## - STREFA ADRESU WYDAWNICZEGO
Miejsce wydania Wrocław :
Nazwa wydawcy/dystrybutora "Atla 2",
Data publikacji, dystrybucji/powstania dokumentu 1999.
300 ## - STREFA OPISU FIZYCZNEGO
Objętość 296 s. :
Inne cechy fizyczne mapy ;
Rozmiary 21 cm.
504 ## - UWAGA DOTYCZĄCA BIBLIOGRAFII
Informacje o bibliografii Bibliogr. s. 291.
650 #9 - HASŁO PRZEDMIOTOWE W FORMIE NAZWY OGÓLNEJ LUB JEDNOSTKOWEJ
Nazwa ogólna lub geograficzna Polityka międzynarodowa
Określnik chronologiczny od 1945 r.
655 ## - TERMIN INDEKSOWY - OKREŚLENIE RODZAJU/FORMY DOKUMENTU
Określenie rodzaju/formy dokumentu Encyklopedie
856 ## - LOKALIZACJA I DOSTĘP DO ELEKTRONICZNYCH DOKUMENTÓW ZDALNYCH
Link (URL) http://koha.tu.koszalin.pl/cgi-bin/koha/opac-detail.pl?biblionumber=38693
Tekst linku Katalog online BPK
942 ## - DODATKOWE ELEMENTY (KOHA)
Typ dokumentu Książka
Egzemplarze
Wycofany Status egzemplarza Uszkodzony Dostępność Lokalizacja stała Lokalizacja bieżąca Miejsce przechowywania Sygnatura Kod kreskowy Dział Typ dokumentu
      Tylko na miejscu Biblioteka Politechniki Koszalińskiej Biblioteka Politechniki Koszalińskiej Czytelnia Wydziałowa ul. Kwiatkowskiego 6e 56718 01527780 32(03) Nauki polityczne. Polityka - encyklopedie, słowniki Książka
© 2023 Biblioteka Politechniki Koszalińskiej :: KOHA